| 000 | 00963nam a2200229 a 4500 | ||
|---|---|---|---|
| 001 | BRCA_727 | ||
| 005 | 20190320203125.0 | ||
| 008 | 930330s1984 mx-a---##b---s000-0#spa-# | ||
| 020 | _a9688160326 | ||
| 050 | 4 |
_aF1386 _b.D57 5 _c1984 |
|
| 100 | 1 |
_aRangel, Magdalena E. de _92398 |
|
| 245 | 1 | 0 |
_aEl Palacio de los Condes de Heras Soto _bsede del Centro Histórico de la Ciudad de México _cmonografía elaborada por Magdalena E. de Rangel. |
| 260 |
_aMéxico _bDepartamento del Distrito Federal _c[1984] |
||
| 300 |
_a194 p. _bil. (algunas a color), 22 láminas _c21 cm. |
||
| 440 | 0 |
_aColección Distrito Federal _v5 _92399 |
|
| 500 | _a2do. ejemplar en el Área de Investigación. Donación de Margarita Espinosa de los Monteros | ||
| 504 | _aBibliografía: p. 187-189 | ||
| 610 | 2 | 4 |
_aPalacio de los Condes de Heras Soto _92400 |
| 650 | 1 | 4 |
_aArquitectura colonial _zMéxico _91940 |
| 651 | 4 |
_aCiudad de México _xEdificios, estructuras, etc. _91264 |
|
| 942 |
_2lcc _cB |
||
| 999 |
_c628 _d628 |
||